[Event "Tourn. n10187"]
[Site "www.echecsemail.com"]
[Date "2019.09.09"]
[Round "1"]
[White "Ff333"]
[Black "Tonino1"]
[WhiteElo "2060"]
[BlackElo "2130"]
[Result "0-1"]
[Round "1"]
1.e4 d6
2.d4 Ng8f6
3.Nb1c3 c6
4.Bf1c4 b5
5.Nc3xb5 cxb5
6.Bc4xb5 Bc8d7
7.Bb5xd7 Nb8xd7
8.Qd1d3 g6
9.Ng1f3 Bf8g7
10.O-O e5
11.d5 Nd7c5
12.Qd3b5 Ke7
13.Nf3xe5 dxe5
14.Qb5xc5 Qd8d6
15.Qc5xd6 Kxd6
16.f3 Rh8c8
17.Rf1f2 Nf6d7
18.b4 Rc8c4
19.Bc1b2 Bg7h6
20.c3 Bh6e3
21.a4 a5
22.Ra1b1 Nd7b6
23.Rb1a1 axb4
24.cxb4 Rc4c2
25.Bb2xe5 Kxe5
26.a5 Rc2xf2
{ resign }
0-1

[Event "Match"]
[Site "www.echecsemail.com"]
[Date "2019.09.09"]
[Round "1"]
[White "Tonino1"]
[Black "Geodad5"]
[WhiteElo "2130"]
[BlackElo "2130"]
[Result "0-1"]
[Round "1"]
1.f4 d5
2.d4 Nb8c6
3.e3 a6
4.Ng1f3 Bc8g4
5.c3 Ng8f6
6.Bf1d3 e6
7.O-O Bf8e7
8.Nb1d2 O-O
9.Qd1c2 h6
10.Nf3e5 Be7d6
11.h3 Bg4f5
12.Bd3xf5 exf5
13.Qc2xf5 Nc6e7
14.Qf5d3 Qd8e8
15.c4 c6
16.c5 Bd6c7
17.e4 dxe4
18.Nd2xe4 Nf6xe4
19.Qd3xe4 Ne7d5
20.Qe4f3 Nd5b4
21.Rf1f2 f6
22.Ne5c4 Qe8f7
23.b3 Ra8d8
24.Bc1b2 Rf8e8
25.a3 Nb4d5
26.g3 Re8e6
27.f5 Re6e7
28.Kg2 Rd8e8
29.Ra1d1 Nd5e3
30.Kg1 Ne3xd1
 { time }
0-1

[Event "Match"]
[Site "www.echecsemail.com"]
[Date "2019.09.09"]
[Round "1"]
[White "Llord"]
[Black "Ztornad"]
[WhiteElo "1980"]
[BlackElo "1980"]
[Result "0-1"]
[Round "1"]
1.e4 e5
2.Ng1f3 d6
3.Bf1c4 Qd8f6
4.Nb1c3 Ng8e7
5.d3 h6
6.Bc4d5 c6
7.Bd5b3 { time. }
0-1

[Event "Tourn. n10189"]
[Site "www.echecsemail.com"]
[Date "2019.09.09"]
[Round "1"]
[White "Johnmcbride"]
[Black "Bojan"]
[WhiteElo "1890"]
[BlackElo "1960"]
[Result "0-1"]
[Round "1"]
1.e4 e5
2.Ng1f3 d6
3.h3 a6
4.Bf1c4 h6
5.a3 Ng8f6
6.d3 Nb8c6
7.Bc1e3 d5
8.Bc4xd5 Nf6xd5
9.exd5 Qd8xd5
10.Nb1c3 Qd5e6
11.O-O Bf8d6
12.Nc3e4 Bd6e7
13.c4 b6
14.b4 f5
15.Ne4c3 Bc8b7
16.Nc3d5 Be7d8
17.Rf1e1 Nc6e7
18.Nd5xe7 Bd8xe7
19.Be3d2 Be7f6
20.Bd2c3 Kf7
21.Bc3xe5 Rh8e8
22.Be5xf6 Qe6xf6
23.Re1xe8 Ra8xe8
24.Ra1a2 g5
25.d4 Bb7e4
26.Nf3e5 Kg7
27.c5 Qf6e6
28.Ra2d2 Qe6d5
29.f3 Be4xf3
30.gxf3 Kf6
31.Qd1f1 b5
32.f4 Qd5b3
33.Rd2d3 Qb3d5
34.fxg5 hxg5
35.Qf1f2 Re8g8
36.Ne5g4 Kg6
37.Ng4e5 Kf6
38.Kf1 Qd5e4
39.Ne5g4 Kg6
40.Ng4e5 Kf6
41.Rd3f3 Rg8d8
42.Rf3xf5 Qe4xf5
43.Ne5c6 Qf5xf2
44.Kxf2 Rd8g8
45.Nc6e5 Kf5
46.Kf3 Ke6
47.Ke4 Rg8h8
48.Ne5f3 Kf6
49.d5 Rh8xh3
50.c6 Rh3xf3
51.Kxf3 Ke5
52.d6 Kxd6
53.Kg4 Kxc6
54.Kxg5 Kd5
55.Kf5 Kc4
56.Ke5 Kb3
57.Kd5 Kxa3
58.Kc6 Kxb4
59.Kxc7 Kc3
60.Kb6 b4
61.Kxa6 b3
62.Kb6 b2
63.Kc5 b1Q
64.Kd5 Qb1f5
65.Kd6 Kc4
66.Kc6 Qf5e6
67.Kc7 Kc5
68.Kb7 Qe6c6
69.Ka7 Qc6d7
70.Ka6 Qd7b5
71.Ka7 Kc6
72.Ka8 Qb5b7

0-1

[Event "Tourn. n10195"]
[Site "www.echecsemail.com"]
[Date "2019.09.09"]
[Round "1"]
[White "Mitja"]
[Black "Malbertan"]
[WhiteElo "1860"]
[BlackElo "2050"]
[Result "1/2-1/2"]
[Round "1"]
1.d4 Ng8f6
2.c3 c5
3.dxc5 e5
4.e3 Bf8xc5
5.b3 d5
6.Bc1b2 O-O
7.Ng1f3 Nb8c6
8.Bf1e2 Bc8f5
9.Bb2a3 Qd8e7
10.Ba3xc5 Qe7xc5
11.O-O Ra8d8
12.Qd1c1 Rf8e8
13.Rf1d1 Bf5g6
14.h3 Bg6xb1
15.Ra1xb1 e4
16.Nf3d4 Nc6e5
17.Qc1b2 Rd8c8
18.Rb1c1 Qc5a5
19.Nd4f5 Qa5d8
20.Be2b5 Re8e6
21.Nf5d4 Re6b6
22.Bb5e2 Ne5c6
23.Nd4xc6 Rb6xc6
24.Rd1d4 Qd8c7
25.c4 { draw }
1/2-1/2

[Event "Tourn. n10200"]
[Site "www.echecsemail.com"]
[Date "2019.09.09"]
[Round "1"]
[White "Bigrezi"]
[Black "Bojan"]
[WhiteElo "2190"]
[BlackElo "2040"]
[Result "1-0"]
[Round "1"]
1.e4 e5
2.Ng1f3 Nb8c6
3.d4 exd4
4.Nf3xd4 Qd8f6
5.Bc1e3 Bf8c5
6.c3 d6
7.Bf1e2 Ng8e7
8.O-O a6
9.Qd1d3 Nc6e5
10.Qd3d2 Ne5g4
11.Be3g5 Qf6g6
12.b4 Bc5xd4
13.cxd4 h6
14.Bg5xe7 Kxe7
15.Nb1c3 Bc8d7
16.Be2d3 Qg6h5
17.h3 Ng4f6
18.e5 Nf6h7
19.exd6 cxd6
20.Rf1e1 Kd8
21.Qd2f4 Ra8c8
22.Nc3e4 Nh7g5
23.Ne4g3 Ng5xh3
24.gxh3 Qh5xh3
25.Qf4xd6 g6
26.Qd6e7 Kc7
27.Ra1c1 Kb8
28.Qe7d6 Ka8
29.Rc1xc8 Rh8xc8
30.Bd3f1 Qh3g4
31.Re1e4 Rc8c6
32.Qd6f8 Rc6c8
33.Qf8xf7 Qg4g5
34.Re4e7 Bd7c6
35.Bf1g2 Bc6xg2
36.Kxg2 Rc8b8
37.d5 h5
38.d6 h4
39.d7 Qg5d2
40.Ng3e4 Qd2xb4
41.Re7e8 Qb4d4
42.Re8xb8 Kxb8
43.Qf7e8 Ka7
44.d8Q { resign }
1-0

[Event "Tourn. n10210"]
[Site "www.echecsemail.com"]
[Date "2019.09.09"]
[Round "1"]
[White "Fantomas"]
[Black "Claudia"]
[WhiteElo "2130"]
[BlackElo "2170"]
[Result "1/2-1/2"]
[Round "1"]
1.e4 c5
2.Nb1c3 d6
3.Ng1f3 e6
4.Bf1e2 Ng8f6
5.O-O Bf8e7
6.d4 cxd4
7.Nf3xd4 a6
8.Bc1e3 O-O
9.Nd4b3 b5
10.Be2f3 e5
11.Nc3d5 Bc8b7
12.Nd5xe7 Qd8xe7
13.Qd1d3 Nb8d7
14.Nb3a5 Nd7c5
15.Be3xc5 dxc5
16.Na5xb7 { draw }
1/2-1/2

[Event "Tourn. n10174"]
[Site "www.echecsemail.com"]
[Date "2019.09.09"]
[Round "1"]
[White "Conde7"]
[Black "Jerome"]
[WhiteElo "2870"]
[BlackElo "2420"]
[Result "1-0"]
[Round "1"]
1.e4 c5
2.Ng1f3 e6
3.d4 cxd4
4.Nf3xd4 Ng8f6
5.Nb1c3 d6
6.g4 h6
7.Bc1e3 a6
8.h4 e5
9.Nd4f5 g6
10.Nf5xh6 Bf8xh6
11.g5 Nf6g4
12.gxh6 Ng4xe3
13.fxe3 Bc8e6
14.Qd1d2 Nb8d7
15.O-O-O Nd7f6
16.Bf1h3 Rh8xh6
17.Bh3xe6 fxe6
18.Rh1f1 Ke7
19.Rf1f3 Rh6h7
20.a4 Rh7f7
21.Rd1g1 Qd8h8
22.Rg1xg6 Qh8xh4
23.Rf3f1 Ra8f8
24.Rf1d1 Nf6e8
25.Qd2d3 Qh4h5
26.Rg6g1 Rf7f2
27.Kb1 Rf2h2
28.Qd3c4 Rf8f2
29.Qc4c8 Rf2xc2
30.Qc8xb7 Kd8
31.Qb7xa6 Rc2xb2
32.Ka1 Qh5f7
33.Qa6a8 Ke7
34.Rd1f1 Rb2f2
35.Rf1b1 { resign }
1-0

[Event "Match"]
[Site "www.echecsemail.com"]
[Date "2019.09.09"]
[Round "1"]
[White "Chapi"]
[Black "Tonino1"]
[WhiteElo "2080"]
[BlackElo "2180"]
[Result "1-0"]
[Round "1"]
1.d4 d6
2.c4 Ng8f6
3.Nb1c3 c6
4.e4 Qd8a5
5.Bc1d2 Qa5c7
6.Ng1f3 e5
7.d5 c5
8.Bf1e2 a6
9.O-O g6
10.a3 Bf8g7
11.b4 b6
12.bxc5 bxc5
13.Qd1a4 Bc8d7
14.Nc3b5 Bd7xb5
15.cxb5 O-O
16.Bd2a5 Qc7b7
17.Rf1b1 Nb8d7
18.bxa6 Qb7a7
19.Rb1b7  { time }
1-0

[Event "1/64 Finale"]
[Site "www.chess-mail.com"]
[Date "2019.09.09"]
[Round "1"]
[White "Bojan"]
[Black "Bevittsmith"]
[WhiteElo "2050"]
[BlackElo "2240"]
[Result "0-1"]
[Round "1"]
1.e4 e6
2.d4 d5
3.exd5 exd5
4.a3 Ng8f6
5.h3 Bf8e7
6.Nb1c3 Bc8f5
7.Bc1e3 Nb8d7
8.Ng1e2 Nd7b6
9.Ne2g3 Bf5g6
10.Bf1e2 c6
11.Qd1d2 Qd8c7
12.Be3f4 Qc7d7
13.Bf4e3 Nb6c4
14.Qd2c1 Nc4xe3
15.fxe3 Be7d6
16.Ng3f1 Nf6e4
17.Nc3xe4 Bg6xe4
18.Be2f3 f5
19.Nf1d2 Bd6g3
20.Ke2 O-O
21.b3 Ra8e8
22.c3 Qd7e7
23.h4 f4
24.Nd2xe4 dxe4
25.Bf3g4 f3
26.Kf1 fxg2
27.Kxg2 Bg3xh4
28.Rh1f1 Qe7g5
29.Kh3 h5
30.Rf1xf8 Re8xf8
31.Bg4e6 Kh8
32.Qc1g1 Rf8f3
33.Kh2 Bh4g3
{ resign }
0-1

[Event "Tourn. n10172"]
[Site "www.echecsemail.com"]
[Date "2019.09.10"]
[Round "1"]
[White "Lakeknight"]
[Black "Hundegana"]
[WhiteElo "2150"]
[BlackElo "2020"]
[Result "1-0"]
[Round "1"]
1.e4 c5
2.Nb1c3 Nb8c6
3.f4 e6
4.Ng1f3 Nc6d4
5.Bf1e2 Nd4xf3
6.Be2xf3 Ra8b8
7.a4 a6
8.Qd1e2 Bf8e7
9.b3 Ng8f6
10.e5 Nf6g8
11.O-O Ng8h6
12.g4 O-O
13.h3 f6
14.d3 b6
15.Bc1d2 f5
16.g5 Nh6f7
17.Qe2g2 Nf7h8
18.h4 Qd8c7
19.Ra1e1 Bc8b7
20.Kh2 Bb7xf3
21.Qg2xf3 d6
22.exd6 Qc7xd6
23.Qf3e3 Kf7
24.Nc3e2 b5
25.Bd2c3 Rb8b7
26.axb5 axb5
27.Bc3e5 Qd6c6
28.h5 g6
29.h6 Ke8
30.Ne2g1 Nh8f7
31.Be5g7 Rf8g8
32.Qe3xe6 Qc6xe6
33.Re1xe6 Kd8
34.Kg3 Kd7
35.Rf1e1 Rg8e8
36.Ng1f3 c4
37.Bg7f6 Kd8
38.Nf3d4 Be7xf6
39.Re6xe8 Kd7
40.gxf6 Nf7xh6
41.Re1e7 Kd6
42.Re7xb7 Kc5
43.c3 g5
44.b4 Kd6
45.Re8d8 
1-0

[Event "Match"]
[Site "www.echecsemail.com"]
[Date "2019.09.10"]
[Round "1"]
[White "Tbsundar"]
[Black "Apdash"]
[WhiteElo "2140"]
[BlackElo "2160"]
[Result "1-0"]
[Round "1"]
1.d4 d5
2.c4 c6
3.e3 e6
4.Ng1f3 Ng8f6
5.Nb1d2 Bf8b4
6.Qd1b3 Bb4xd2
7.Bc1xd2 O-O
8.cxd5 cxd5
9.Bd2b4 Rf8e8
10.Nf3e5 Nb8d7
11.Bf1b5 a6
12.Ne5xd7 Bc8xd7
13.Bb5d3 a5
14.Bb4c5 Bd7c6
15.O-O Nf6d7
16.Bc5d6 e5
17.a4 e4
18.Bd3e2 Nd7f6
19.Bd6g3 Qd8d7
20.Bg3h4 Re8e6
21.f4 Qd7d6
22.f5 Re6e8
23.Bh4g3 Qd6b4
24.Qb3xb4 axb4
25.b3 Re8c8
26.Bg3d6 Bc6d7
27.Bd6xb4 Rc8c2
28.Be2d1 Rc2c8
29.Bb4c5 Ra8b8
30.a5 Bd7b5
31.Rf1e1 Nf6d7
32.b4 b6
33.Bc5d6 Rb8a8
34.Bd1b3 Bb5c4
35.Bb3a4 b5
36.Ba4c2 Ra8a6
37.Bd6c5 h5
38.Bc2d1 g6
39.Kf2 Kg7
40.h3 Rc8c6
41.g4 hxg4
42.hxg4 gxf5
43.Kg3 Rc6g6
44.Kf4 fxg4
45.Bd1xg4 Ra6f6
46.Bg4f5 Nd7f8
47.Bc5e7 Nf8e6
48.Ke5 Ne6g5
49.Be7xf6 Rg6xf6
50.Re1g1 { resign }
1-0

[Event "Tourn. n10189"]
[Site "www.echecsemail.com"]
[Date "2019.09.10"]
[Round "1"]
[White "Libiesse"]
[Black "Scasan55"]
[WhiteElo "1930"]
[BlackElo "1980"]
[Result "1-0"]
[Round "1"]
1.Ng1f3 d5
2.d4 Nb8c6
3.c4 dxc4
4.e4 e6
5.Bf1xc4 Ng8f6
6.Nb1c3 a6
7.O-O Bf8e7
8.Bc1f4 O-O
9.a3 b5
10.Bc4a2 Bc8b7
11.Ra1c1 Ra8c8
12.Rf1e1 h6
13.Qd1d3 b4
14.Nc3a4 bxa3
15.bxa3 Be7d6
16.e5 Nf6h5
17.Ba2b1 f5
18.Bf4d2 Bd6e7
19.g4 fxg4
20.Qd3h7 Kf7
21.Bb1g6 { resign }
1-0

[Event "Match"]
[Site "www.echecsemail.com"]
[Date "2019.09.10"]
[Round "1"]
[White "Cal"]
[Black "Sonny1000"]
[WhiteElo "1730"]
[BlackElo "1500"]
[Result "0-1"]
[Round "1"]
1.c4 c5
2.e4 e5
3.Nb1c3 a6
4.Ng1f3 f6
5.h3 Qd8a5
6.a3 d6
7.d3 Nb8c6
8.Bc1d2 Bc8e6
9.Nc3d5 Qa5d8
10.b4 f5
11.exf5 Be6xd5
12.cxd5 Nc6e7
13.Bd2g5 Qd8b6
14.bxc5 Qb6xc5
15.g4 Qc5c3
16.Nf3d2 Ne7xd5
17.Bf1e2 b5
18.O-O h6
19.Nd2e4 Qc3b2
20.Bg5d2 Ra8c8
21.f4 Rc8c2
22.Ra1b1 Qb2d4
23.Ne4f2 Rc2a2
24.Bd2e1 Nd5e3
25.Qd1b3 Ra2xe2
26.Be1c3 Qd4xf4
27.Qb3e6 Bf8e7
28.a4 Qf4g3
29.Kh1 Qg3g2
{ resign }
0-1

[Event "Tourn. n9997"]
[Site "www.echecsemail.com"]
[Date "2019.09.10"]
[Round "1"]
[White "Stepanpech"]
[Black "Aperturaf"]
[WhiteElo "2520"]
[BlackElo "2700"]
[Result "1/2-1/2"]
[Round "1"]
1.e4 e6
2.d4 d5
3.Nb1c3 Ng8f6
4.Bc1g5 Bf8e7
5.e5 Nf6d7
6.Bg5xe7 Qd8xe7
7.f4 O-O
8.Ng1f3 c5
9.Qd1d2 Nb8c6
10.dxc5 Qe7xc5
11.O-O-O f6
12.exf6 Nd7xf6
13.Bf1d3 Ra8b8
14.Rh1e1 b5
15.Nc3e2 b4
16.Ne2d4 Nc6xd4
17.Nf3xd4 Rb8b6
18.Re1e2 Rf8e8
19.Rd1e1 a5
20.g4 Nf6xg4
21.Bd3f5 Ng4f6
22.Bf5xe6 Kh8
23.Re2e5 Re8d8
24.Qd2e3 a4
25.Nd4f3 Rb6c6
26.Qe3xc5 Rc6xc5
27.f5 Rd8e8
28.Nf3d4 Nf6g4
29.Re5e2 Ng4f6
30.Re1d1 h6
31.Re2e3 Nf6g4
32.Re3g3 Ng4f6
33.Rg3f3 Bc8a6
34.Kb1 Re8b8
35.Ka1 Kh7
36.a3 bxa3
37.Rf3xa3 Ba6b5
38.Kb1 Rc5c4
39.c3 Bb5e8
40.Kc1 Rb8b6
41.Rd1e1 Rb6b8
42.Re1e5 Rc4c5
43.Ra3a2 Rb8b4
44.Kd2 Rb4b8
45.Re5e3 g6
46.Re3e2 g5
47.Re2e5 h5
48.h3 Kg7
49.Kc2 h4
50.Re5e1 Nf6e4
51.Be6xd5 Rc5xd5
52.Re1xe4 Be8d7
53.Re4e2 Rb8c8
54.Re2d2 Kf6
55.b4 axb3
56.Kxb3 Bd7b5
57.Nd4xb5 Rd5xb5
58.Kc2 Kxf5
59.Ra2a6 Kf4
60.Rd2d3 Rc8b8
61.Ra6f6 Ke5
62.Rd3d6 Rb5b2
63.Kd3 Rb8e8
64.Rd6a6 Rb2g2
65.Rf6f3 Re8d8
66.Ke3 Rg2d2
67.Ra6a5 Rd8d5
68.Ra5xd5 Rd2xd5
69.Rf3f8 Rd5d1
{ draw }
1/2-1/2

[Event "Match"]
[Site "www.echecsemail.com"]
[Date "2019.09.10"]
[Round "1"]
[White "Dussek"]
[Black "Sonny1000"]
[WhiteElo "1890"]
[BlackElo "1490"]
[Result "1-0"]
[Round "1"]
1.e4 e5
2.Nb1c3 c6
3.Bf1c4 Qd8e7
4.d3 Ng8f6
5.f4 exf4
6.Bc1xf4 Nb8a6
7.Ng1f3 Nf6g4
8.Qd1e2 b5
9.Bc4b3 b4
10.Nc3a4 Qe7d8
11.O-O-O Qd8f6
12.Bf4g5 Qf6d6
13.h3 h6
14.Bg5d2 Ng4f6
15.e5 Qd6e7
16.Rh1e1 Nf6h5
17.Qe2f2 d5
18.Nf3d4 g6
19.Nd4xc6 Qe7e6
20.Nc6d4 Qe6d7
21.e6 fxe6
22.Nd4xe6 Bf8e7
23.g4 Nh5f6
24.Na4c5 Qd7d6
25.Bd2f4 Qd6c6
26.Nc5xa6 Qc6xa6
27.Ne6c7 { resign }
1-0

[Event "Match"]
[Site "www.echecsemail.com"]
[Date "2019.09.10"]
[Round "1"]
[White "Andychesston"]
[Black "Picifarkinca"]
[WhiteElo "1930"]
[BlackElo "1510"]
[Result "1-0"]
[Round "1"]
1.e4 Ng8f6
2.e5 Nf6d5
3.Bf1c4 e6
4.Ng1f3 Nd5b6
5.Bc4b3 c5
6.Nb1c3 c4
7.Bb3a4 Nb6xa4
8.Nc3xa4 b5
9.Na4c3 Qd8b6
10.O-O Bc8b7
11.d4 Nb8c6
12.Bc1e3 a6
13.d5 { resign }
1-0

[Event "Tourn. n10166"]
[Site "www.echecsemail.com"]
[Date "2019.09.10"]
[Round "1"]
[White "Tartan"]
[Black "Coolant"]
[WhiteElo "2490"]
[BlackElo "2370"]
[Result "1-0"]
[Round "1"]
1.e4 c5
2.Ng1f3 e6
3.d4 cxd4
4.Nf3xd4 a6
5.Nb1c3 Qd8c7
6.Bf1e2 b5
7.O-O Bc8b7
8.Rf1e1 Bf8e7
9.e5 Qc7xe5
10.a4 Nb8c6
11.Nd4xc6 dxc6
12.Be2xb5 Qe5c7
13.Bb5d3 Ng8f6
14.Qd1f3 O-O
15.Bc1f4 Be7d6
16.Bf4xd6 Qc7xd6
17.Nc3e4 Nf6xe4
18.Qf3xe4 g6
19.Ra1d1 Qd6c7
20.Qe4h4 Qc7d8
21.Qh4b4 Qd8c7
22.Bd3e4 Ra8b8
23.Qb4c5 Rf8d8
24.Rd1d3 Rd8xd3
25.Be4xd3 Rb8d8
26.b4 Rd8d5
27.Qc5a7 Qc7c8
28.Re1b1 Rd5d7
29.a5 c5
30.Qa7xc5 Qc8a8
31.Bd3f1 Rd7d5
32.Qc5c7 Rd5g5
33.h4 Rg5xg2
34.Bf1xg2 Bb7xg2
35.Rb1d1 Qa8f3
36.Rd1d8 Kg7
37.Qc7e5 { resign }
1-0

[Event "Tourn. n10201"]
[Site "www.echecsemail.com"]
[Date "2019.09.10"]
[Round "1"]
[White "Coolant"]
[Black "Tonino1"]
[WhiteElo "2360"]
[BlackElo "2210"]
[Result "1-0"]
[Round "1"]
1.b4 d6
2.Bc1b2 Ng8f6
3.e3 e5
4.Bf1c4 d5
5.Bc4b3 Nb8d7
6.a3 c6
7.c4 g6
8.cxd5 cxd5
9.Ng1f3 Qd8c7
10.Nb1c3 Qc7c6
11.Bb3a4 Qc6e6
12.Nc3b5 Bf8d6
13.Nb5xd6 Qe6xd6
14.Nf3xe5  { time }
1-0

[Event "1/32 Finale"]
[Site "www.chess-mail.com"]
[Date "2019.09.10"]
[Round "1"]
[White "Claudia"]
[Black "Leonger"]
[WhiteElo "2190"]
[BlackElo "2160"]
[Result "0-1"]
[Round "1"]
1.d4 d5
2.c4 c6
3.Nb1c3 Ng8f6
4.Ng1f3 e6
5.cxd5 cxd5
6.Bc1g5 Bf8e7
7.e3 O-O
8.Bf1d3 Nb8c6
9.Ra1c1 h6
10.Bg5h4 b6
11.O-O Bc8b7
12.Bd3b1 Ra8c8
13.a3 Nf6e4
14.Bh4xe7 Qd8xe7
15.Nc3xe4 dxe4
16.Bb1xe4 Nc6a5
17.Be4xb7 Rc8xc1
18.Qd1xc1 Qe7xb7
19.Qc1d2 Rf8d8
20.Qd2d3 Rd8c8
21.b4 Na5c4
22.Rf1c1 Nc4d6
23.Rc1xc8 Qb7xc8
24.h3 Qc8c1
25.Kh2 Qc1c4
26.Nf3e5 Qc4xd3
27.Ne5xd3 Nd6c4
28.a4 f6
29.Kg3 Kf7
30.Kf3 e5
31.dxe5 fxe5
32.Ke2 e4
33.Nd3f4 g5
34.Nf4d5 Ke6
35.Nd5c3 Ke5
36.f3 exf3
37.gxf3 a5
38.b5 Nc4b2
39.Kf2 Nb2c4
 { time }
0-1

[Event "Match"]
[Site "www.echecsemail.com"]
[Date "2019.09.11"]
[Round "1"]
[White "Tbsundar"]
[Black "Tonino1"]
[WhiteElo "2130"]
[BlackElo "2130"]
[Result "1-0"]
[Round "1"]
1.d4 d6
2.Ng1f3 Ng8f6
3.e3 c6
4.Nb1d2 Qd8a5
5.c3 g6
6.Bf1e2 Bf8g7
7.O-O O-O
8.b4 Qa5c7
9.Bc1b2 e5
10.e4 Nf6e8
11.dxe5 dxe5
12.Nd2c4 f6
13.a4 Bc8e6
14.a5 Nb8d7
15.a6 b6
16.Bb2a3 b5
17.Nc4a5 Nd7b6
18.Na5b7 Be6c4
19.Nb7c5 Bc4xe2
20.Qd1xe2 Qc7e7
21.Nf3d2 Ne8d6
22.f3 Nd6c4
23.Ba3c1 Ra8d8
24.Nd2b3 Rd8d6
25.Nb3a5 Rd6d8
26.Na5xc6 Qe7d6
27.Nc6xa7 Rf8f7
28.Na7xb5 Qd6c6
29.Nb5a3 Nc4xa3
30.Bc1xa3 Bg7f8
31.Qe2a2 Bf8xc5
32.bxc5 Nb6a4
33.a7 Na4xc3
34.Qa2b3 Nc3e2
35.Kh1 Kg7
36.Qb3b6 Rd8c8
37.Qb6xc6  { time }
1-0

[Event "Tourn. n10202"]
[Site "www.echecsemail.com"]
[Date "2019.09.11"]
[Round "1"]
[White "Sbb"]
[Black "D4minance"]
[WhiteElo "2780"]
[BlackElo "2850"]
[Result "1/2-1/2"]
[Round "1"]
1.d4 Ng8f6
2.c4 e6
3.g3 Bf8e7
4.Ng1f3 d5
5.Bf1g2 O-O
6.O-O dxc4
7.Qd1c2 a6
8.a4 Bc8d7
9.Qc2xc4 Bd7c6
10.Bc1f4 Be7d6
11.Qc4c1 a5
12.Nb1c3 Nb8a6
13.Rf1d1 Na6b4
14.Bf4g5 h6
15.Bg5h4 Bd6e7
16.Bh4xf6 Be7xf6
17.e4 b6
18.Qc1f4 Ra8c8
19.h4 Bf6e7
20.Nf3e5 Bc6b7
21.Qf4g4 Be7f6
22.Ne5f3 Qd8d7
23.Rd1d2 Rc8d8
24.Ra1d1 Qd7c8
25.Bg2f1 { draw }
1/2-1/2

[Event "Tourn. n10195"]
[Site "www.echecsemail.com"]
[Date "2019.09.11"]
[Round "1"]
[White "Malbertan"]
[Black "Johnmcbride"]
[WhiteElo "2050"]
[BlackElo "1920"]
[Result "1-0"]
[Round "1"]
1.e4 e5
2.f4 exf4
3.Ng1f3 d6
4.d4 g5
5.Bf1c4 Bc8e6
6.Bc4xe6 fxe6
7.O-O h6
8.e5 d5
9.Nf3d2 Nb8c6
10.Qd1h5 Kd7
11.c4 Nc6xd4
12.cxd5 exd5
13.Nb1c3 Qd8e7
14.Nc3xd5 Qe7xe5
15.Qh5f7 Ng8e7
16.Nd5f6 Kc6
17.Nd2e4 Nd4f5
18.Qf7c4 Kb6
19.Nf6d7 Ka5
20.Bc1d2 Qe5c3
21.Bd2xc3 
1-0

[Event "Match"]
[Site "www.echecsemail.com"]
[Date "2019.09.11"]
[Round "1"]
[White "Tonino1"]
[Black "Orhany24"]
[WhiteElo "2130"]
[BlackElo "2170"]
[Result "0-1"]
[Round "1"]
1.f4 f5
2.d4 Ng8f6
3.e3 d5
4.Ng1f3 e6
5.Bf1d3 Bf8d6
6.O-O O-O
7.Qd1e2 c5
8.c3 c4
9.Bd3c2 Nb8c6
10.Nb1d2 Bc8d7
11.Nf3e5 Nf6e4
12.Nd2xe4 fxe4
13.b3 b5
14.Ne5xd7 Qd8xd7
15.bxc4 bxc4
16.a4 a5
17.Bc1a3 Ra8b8
18.Ba3xd6 Qd7xd6
19.Rf1b1 Rb8xb1
20.Bc2xb1 Rf8b8
21.Qe2c2 Rb8b3
22.Bb1a2 Qd6a3
23.Qc2c1 Rb3xc3
24.Qc1xa3 Rc3xa3
 { time }
0-1

[Event "Tourn. n10194"]
[Site "www.echecsemail.com"]
[Date "2019.09.11"]
[Round "1"]
[White "Gandalf50"]
[Black "Rons"]
[WhiteElo "2410"]
[BlackElo "2640"]
[Result "1/2-1/2"]
[Round "1"]
1.c4 e5
2.Ng1f3 e4
3.Nf3d4 Nb8c6
4.e3 Ng8f6
5.Nb1c3 Bf8b4
6.Qd1c2 Nc6xd4
7.exd4 c6
8.a3 Bb4a5
9.b4 Ba5b6
10.c5 Bb6c7
11.Bf1e2 d5
12.d3 O-O
13.Bc1g5 exd3
14.Qc2xd3 Rf8e8
15.O-O b6
16.Qd3f3 bxc5
17.bxc5 Bc7a5
18.Nc3a2 Re8e4
19.Be2d3 Bc8g4
20.Qf3g3 Re4xd4
21.Qg3e3 Rd4a4
22.Bd3c2 Ra4c4
23.Bc2d3 { draw }
1/2-1/2

[Event "Tourn. n10167"]
[Site "www.echecsemail.com"]
[Date "2019.09.11"]
[Round "1"]
[White "Bojan"]
[Black "Iko"]
[WhiteElo "1960"]
[BlackElo "1850"]
[Result "1-0"]
[Round "1"]
1.e4 e5
2.Ng1f3 Nb8c6
3.d4 d6
4.d5 Nc6e7
5.h3 Ng8f6
6.Bf1d3 c6
7.dxc6 Ne7xc6
8.a3 Bf8e7
9.Nb1c3 O-O
10.Nf3h2 Nc6d4
11.Bc1e3 Qd8b6
12.b3 Bc8e6
13.Qd1d2 Ra8c8
14.Nc3e2 Qb6c6
15.Ne2xd4 exd4
16.Be3xd4 Nf6xe4
17.f3 Ne4xd2
18.Kxd2 Be7g5
19.Kd1 Bg5f4
20.Nh2g4 Be6xg4
21.hxg4 Rf8e8
22.Bd3xh7 Kf8
23.Bh7d3 b6
24.c3 Qc6d5
25.Kc2 Qd5xd4
26.Rh1h8 Ke7
27.Rh8xe8 Kxe8
28.Ra1e1 Kf8
29.c4 Qd4f2
30.Re1e2 Qf2d4
31.Re2e4 Qd4f2
32.Re4e2 Qf2d4
33.Re2e4 Qd4f2
34.Re4e2 Qf2c5
35.b4 Qc5b5
36.Kb3 Qb5a6
37.Re2e1 Rc8e8
38.Re1d1 Re8e3
39.a4 Qa6xc4
40.Kxc4 Ke7
41.Kb5 Kd7
42.Ka6 Re3e7
43.Kxa7 Kc6
44.Ka6 Re7e8
45.Bd3e4 Kc7
46.Rd1d4 Re8e6
47.Rd4c4 Kb8
48.Be4d5 Re6e2
49.Bd5xf7 Re2xg2
50.Bf7e6 Rg2g3
51.Rc4c8 
1-0

[Event "Match"]
[Site "www.echecsemail.com"]
[Date "2019.09.11"]
[Round "1"]
[White "Sae80"]
[Black "Apdash"]
[WhiteElo "2309"]
[BlackElo "2160"]
[Result "1-0"]
[Round "1"]
1.e4 c5
2.Ng1f3 d6
3.d4 cxd4
4.Qd1xd4 Nb8c6
5.Qd4e3 a6
6.h3 g6
7.Bf1e2 Bf8h6
8.Qe3c3 e5
9.Bc1xh6 Ng8xh6
10.Nb1d2 Bc8e6
11.Nd2c4 b5
12.Nc4e3 Ra8c8
13.O-O Nc6d4
14.Qc3d2 Nd4xe2
15.Qd2xe2 O-O
16.Rf1d1 Qd8c7
17.a4 bxa4
18.Qe2xa6 Rf8d8
19.Ra1xa4 f5
20.Nf3xe5 f4
21.Ne3c4 Be6xh3
22.Rd1xd6 Rd8xd6
23.Qa6xd6 Qc7xd6
24.Nc4xd6 Rc8xc2
25.gxh3 Rc2xb2
26.Kg2 Rb2d2
27.Ra4a8 Kg7
28.Ne5c4 Rd2c2
29.Ra8a7 Kf6
30.Ra7xh7 Nh6g8
31.Nd6e8 Kg5
32.h4 { resign }
1-0

[Event "Match"]
[Site "www.echecsemail.com"]
[Date "2019.09.11"]
[Round "1"]
[White "Jerome"]
[Black "D4minance"]
[WhiteElo "2319"]
[BlackElo "2830"]
[Result "1/2-1/2"]
[Round "1"]
1.e4 c6
2.d4 d5
3.e5 c5
4.dxc5 e6
5.a3 Bf8xc5
6.Qd1g4 Ng8e7
7.Ng1f3 Ne7g6
8.Bf1d3 Nb8c6
9.O-O Qd8c7
10.Rf1e1 O-O
11.Qg4h5 Bc8d7
12.Nb1d2 Bc5b6
13.Nd2f1 Bd7e8
14.Nf1e3 h6
15.Ne3g4 f5
16.exf6 Ng6e5
17.f7 Qc7xf7
18.Qh5xf7 Ne5xf7
19.Re1xe6 h5
20.Ng4e3 Be8d7
21.Re6g6 Nf7e5
22.Nf3xe5 Nc6xe5
23.Rg6g5 Ra8e8
24.Bc1d2 h4
25.Rg5h5 Ne5xd3
26.cxd3 h3
27.Rh5xd5 Bd7c6
28.Rd5g5 Bc6xg2
29.Bd2c3 Rf8xf2
30.Rg5xg7 { draw }
1/2-1/2

[Event "Tourn. n10156"]
[Site "www.echecsemail.com"]
[Date "2019.09.12"]
[Round "1"]
[White "Numanoid"]
[Black "D4minance"]
[WhiteElo "2770"]
[BlackElo "2810"]
[Result "1/2-1/2"]
[Round "1"]
1.e4 c5
2.Ng1f3 Nb8c6
3.Bf1b5 g6
4.Bb5xc6 bxc6
5.O-O Bf8g7
6.Rf1e1 Ng8h6
7.c3 O-O
8.d4 cxd4
9.cxd4 d5
10.e5 f6
11.Nb1d2 fxe5
12.Nf3xe5 Bg7xe5
13.dxe5 Qd8b6
14.Nd2f3 Nh6f5
15.a4 Ra8b8
16.e6 d4
17.h4 c5
18.h5 Qb6b3
19.hxg6 hxg6
20.Qd1d2 Rb8b6
21.Qd2g5 Rb6xe6
22.Bc1f4 d3
23.Re1xe6 Qb3xe6
24.Nf3e5 Nf5d4
25.Ne5xg6 Nd4e2
26.Kf1 Rf8f6
27.Ng6xe7 Kf7
28.Bf4e5 Qe6xe7
29.Be5xf6 Qe7xf6
30.Qg5xc5 Qf6h8
31.Qc5d5 Bc8e6
32.Qd5f3 Ke7
33.Qf3xd3 Qh8h1
34.Kxe2 Qh1xa1
{ draw }
1/2-1/2

[Event "Match"]
[Site "www.echecsemail.com"]
[Date "2019.09.12"]
[Round "1"]
[White "Roko123"]
[Black "Chapi"]
[WhiteElo "1499"]
[BlackElo "2080"]
[Result "0-1"]
[Round "1"]
1.d4 d5
2.c4 c6
3.Nb1c3 Ng8f6
4.Ng1f3 Bc8g4
5.Nf3e5 Bg4f5
6.cxd5 cxd5
7.Qd1b3 Nb8c6
8.e3 Qd8b6
9.Bf1b5 Ra8c8
10.Nc3xd5 Nf6xd5
11.Qb3xd5 Bf5e6
12.Qd5c5 Qb6xc5
13.dxc5 g6
14.Bc1d2 Bf8g7
15.Bd2c3 O-O
16.Ne5xc6 Bg7xc3
17.bxc3 bxc6
18.Bb5d3 Rf8d8
19.Ke2 Rc8b8
20.c4 Rb8b2
21.Kf3 Rd8xd3
{ resign }
0-1

[Event "Match"]
[Site "www.echecsemail.com"]
[Date "2019.09.12"]
[Round "1"]
[White "Apdash"]
[Black "Chapi"]
[WhiteElo "2180"]
[BlackElo "2080"]
[Result "0-1"]
[Round "1"]
1.e4 c5
2.Ng1f3 Nb8c6
3.Bf1c4 g6
4.d4 cxd4
5.Nf3xd4 Bf8g7
6.Bc1e3 Qd8b6
7.Nd4e6 Qb6xb2
8.Ne6xg7 Qb2xg7
9.c3 Ng8f6
10.Nb1d2 d6
11.f3 O-O
12.Nd2b3 Nf6xe4
13.fxe4 Qg7xc3
14.Nb3d2 Qc3xe3
15.Qd1e2 Qe3xe2
16.Kxe2 Bc8g4
17.Ke3 Ra8c8
18.h3 Bg4d7
19.Rh1f1 Nc6b4
20.Ra1c1 b5
21.Bc4b3 Rc8xc1
22.Rf1xc1 Rf8c8
23.Rc1f1 e6
24.Nd2f3 h6
25.Rf1d1 Rc8c6
26.Kf2 Nb4a6
27.Nf3d4 Rc6b6
28.Nd4f3 Na6c5
29.Bb3c2 Rb6a6
30.Bc2b1 Nc5a4
31.Rd1c1 Ra6c6
32.Rc1e1 Na4c3
33.Bb1d3 Rc6a6
34.Ke3 Ra6xa2
35.Re1c1 Ra2a3
36.e5 dxe5
37.Nf3xe5 Bd7e8
38.Kd4 b4
39.Ne5c4 Ra3a2
40.Nc4d6 Be8a4
41.Rc1f1 f5
42.Bd3c4 Ra2xg2
43.Bc4xe6 Kf8
44.Kc4 Rg2e2
45.Be6xf5 gxf5
46.Nd6xf5 Ba4b5
47.Kxb4 Re2e4
48.Nf5d4 Bb5xf1
49.Kxc3 Bf1xh3
{ resign }
0-1